| 000 | 00420nam a22001697a 4500 | ||
|---|---|---|---|
| 003 | SGT | ||
| 020 | _a9780323672184 | ||
| 082 |
_a617.3 _bC21A |
||
| 100 | _aAZAR, FREDERICK M. | ||
| 245 | _aCAMPBELL'S OPERATIVE ORTHOPAEDICS | ||
| 250 | _a14TH | ||
| 260 |
_bWOLTERS KLUWER PUB _c2021 |
||
| 300 | _a1078,2196,3270,4535 | ||
| 650 | _aORTHOPAEDICS | ||
| 653 | _aCAMPBELL'S OPERATIVE ORTHOPAEDICS | ||
| 942 |
_2ddc _cBK |
||
| 999 |
_c25316 _d25316 |
||